Statistics for NFL Top 100 All-Time: Passing TDs

Click here to take the quiz!

General Stats

  • This quiz has been taken 2,583 times
    (1,421 since last reset)
  • The average score is 49 of 100

Answer Stats

#PlayerTDs% Correct
1Tom Brady649
100%
3Peyton Manning539
98%
10Eli Manning366
97%
2Drew Brees571
96%
5Aaron Rodgers475
95%
39Patrick Mahomes219
92%
4Brett Favre508
90%
19Joe Montana273
88%
8Ben Roethlisberger418
87%
7Dan Marino420
87%
6Philip Rivers421
86%
13Russell Wilson334
85%
36Steve Young232
83%
11Matthew Stafford357
81%
9Matt Ryan381
80%
T97Frank Ryan149
79%
T51Alex Smith199
78%
78Josh Allen167
78%
14John Elway300
76%
T42Terry Bradshaw212
75%
20Kirk Cousins270
74%
80Troy Aikman165
72%
62Jared Goff185
71%
25Tony Romo248
71%
74Andrew Luck171
70%
28Joe Flacco245
70%
T45Kurt Warner208
70%
49Dak Prescott202
69%
T30Derek Carr242
69%
T58Cam Newton194
67%
15Carson Palmer294
66%
16Warren Moon291
66%
T95Bart Starr152
65%
35Donovan McNabb234
64%
27Andy Dalton246
62%
24Drew Bledsoe251
62%
T71Joe Namath173
62%
33Jim Kelly237
61%
17Johnny Unitas290
61%
40Ryan Tannehill216
61%
T93Roger Staubach153
60%
12Fran Tarkenton342
59%
37Jay Cutler227
56%
38Ryan Fitzpatrick223
56%
T93Carson Wentz153
55%
79Brad Johnson166
52%
T75Charley Johnson170
52%
47Randall Cunningham207
52%
T97Daunte Culpepper149
51%
T69Steve McNair174
50%
87Joe Theismann160
48%
T42Matt Hasselbeck212
48%
23Dan Fouts254
44%
T69Otto Graham174
44%
T51Phil Simms199
44%
18Vinny Testaverde275
44%
26Boomer Esiason247
43%
66Rich Gannon180
41%
32Len Dawson239
40%
53Ken Anderson197
38%
T58Ken Stabler194
38%
60Bob Griese192
36%
83Trent Green162
34%
T84Jeff Garcia161
33%
63Mark Brunell184
33%
90Danny White155
32%
T45Kerry Collins208
32%
61Sammy Baugh187
32%
T30Y.A. Tittle242
30%
T81Jim Plunkett164
29%
T71Norm Van Brocklin173
27%
T91Brian Sipe154
24%
21Dave Krieg261
24%
T84Jake Plummer161
24%
48Jim Everett203
24%
44Jim Hart209
24%
67Ron Jaworski179
24%
77Jon Kitna169
22%
22Sonny Jurgensen255
22%
T91Jeff George154
21%
34George Blanda236
20%
T54Bobby Layne196
18%
T75Chris Chandler170
18%
64Craig Morton183
18%
T84Earl Morrall161
18%
41John Brodie214
18%
50Roman Gabriel201
18%
100Steve Beuerlein147
18%
65Steve Grogan182
18%
T81Daryle Lamonica164
17%
29John Hadl244
17%
89Steve Bartkowski156
17%
T54Steve DeBerg196
16%
88Tommy Kramer159
16%
T54Joe Ferguson196
13%
T95Billy Kilmer152
12%
T54Norm Snead196
11%
68Babe Parilli178
10%
T71Charlie Conerly173
9%
99Tobin Rote148
9%

Score Distribution

Percentile by Number Answered

Percent of People with Each Score

Your Score History

You have not taken this quiz since the last reset